[Event "16th South Wales Int 2019"]
[Site "Bridgend"]
[Date "2019.07.10"]
[Round "6.14"]
[White "Garcia, Jason"]
[Black "Hughes, Anthony"]
[Result "1-0"]
[WhiteElo "2053"]
[BlackElo "1900"]
[PlyCount "61"]
[EventDate "2019.07.07"]
[EventType "swiss"]
[EventRounds "9"]
[EventCountry "WLS"]

1. Nf3 d5 2. c4 e6 3. b3 Nf6 4. g3 Be7 5. Bg2 O-O 6. e3 c5 7. Bb2 Nc6 8. O-O b6
9. Qe2 Bb7 10. Rd1 Qc7 11. Na3 Rac8 12. d4 Rfd8 13. Nb5 Qb8 14. Rac1 Qa8 15.
dxc5 bxc5 16. Ne5 a6 17. Nxc6 Bxc6 18. Na3 d4 19. Bxc6 Qxc6 20. exd4 cxd4 21.
Nc2 e5 22. Qxe5 Bd6 23. Qxd4 Bc7 24. Qc3 Re8 25. Re1 Nh5 26. Nb4 Qg6 27. Nd5
Bd6 28. Rxe8+ Rxe8 29. Re1 Rd8 30. Qe3 Nf6 31. Qb6 1-0

[Event "16th South Wales Int 2019"]
[Site "Bridgend"]
[Date "2019.07.10"]
[Round "6.15"]
[White "Jones, Derek"]
[Black "Cannon, Richard J"]
[Result "1-0"]
[WhiteElo "1937"]
[BlackElo "2013"]
[PlyCount "91"]
[EventDate "2019.07.07"]
[EventType "swiss"]
[EventRounds "9"]
[EventCountry "WLS"]

1. Nf3 Nf6 2. c4 d6 3. Nc3 Nbd7 4. d4 e5 5. Bg5 Be7 6. e3 O-O 7. Qc2 c6 8.
O-O-O Qc7 9. Bd3 h6 10. Bh4 Re8 11. g4 exd4 12. exd4 d5 13. Bg3 Qa5 14. Kb1
dxc4 15. Bxc4 Nb6 16. Bxf7+ Kxf7 17. Ne5+ Kg8 18. g5 hxg5 19. h4 g4 20. h5 Rf8
21. h6 Nh7 22. hxg7 Bf5 23. gxf8=Q+ Rxf8 24. Nd3 Nc4 25. Ka1 b5 26. Rhe1 Bf6
27. Be5 Nxe5 28. dxe5 Be7 29. Qb3+ Kg7 30. Ne4 Rd8 31. Ndc5 Rxd1+ 32. Rxd1 Nf8
33. f3 gxf3 34. Qxf3 Bg6 35. Qg4 Kg8 36. Ne6 Qa4 37. Rg1 Kf7 38. Nxf8 Bxe4 39.
Qe6+ Ke8 40. Qd7+ Kxf8 41. Rf1+ Kg8 42. Qxe7 Bf5 43. Qg5+ Kf7 44. Qxf5+ Ke7 45.
Qf7+ Kd8 46. Rh1 1-0

[Event "16th South Wales Int 2019"]
[Site "Bridgend"]
[Date "2019.07.10"]
[Round "6.16"]
[White "Hewitt, William"]
[Black "Harris, Calum"]
[Result "1/2-1/2"]
[WhiteElo "2005"]
[BlackElo "1764"]
[PlyCount "32"]
[EventDate "2019.07.07"]
[EventType "swiss"]
[EventRounds "9"]
[EventCountry "WLS"]

1. e4 d6 2. d4 Nf6 3. Nc3 g6 4. f4 Bg7 5. Nf3 O-O 6. Be3 b6 7. Qd2 c5 8. O-O-O
Bb7 9. e5 cxd4 10. Bxd4 dxe5 11. Nxe5 e6 12. Rg1 Nc6 13. Nxc6 Bxc6 14. g3 Qe7
15. Bg2 Rac8 16. Be5 Rfd8 1/2-1/2

[Event "16th South Wales Int 2019"]
[Site "Bridgend"]
[Date "2019.07.10"]
[Round "6.17"]
[White "Borkowski, J Andrew"]
[Black "Bird, Joel"]
[Result "0-1"]
[WhiteElo "1769"]
[BlackElo "1988"]
[PlyCount "102"]
[EventDate "2019.07.07"]
[EventType "swiss"]
[EventRounds "9"]
[EventCountry "WLS"]

1. d4 d5 2. Nf3 Nf6 3. e3 Bf5 4. c4 c6 5. Qb3 Qb6 6. Nc3 e6 7. Ne5 Be7 8. c5
Qc7 9. Be2 b6 10. cxb6 axb6 11. Bd2 Nfd7 12. f4 f6 13. Nxd7 Nxd7 14. Rc1 Qd6
15. a3 O-O 16. O-O Kh8 17. Nd1 Rfb8 18. Bd3 Bxd3 19. Qxd3 f5 20. Bb4 c5 21.
dxc5 bxc5 22. Bc3 Qa6 23. Nf2 Qb5 24. Qxb5 Rxb5 25. g4 Bf6 26. Bxf6 Nxf6 27. g5
Nd7 28. Rc2 Rb3 29. Nd1 Rab8 30. Rff2 Kg8 31. Rc3 R3b7 32. Rd2 c4 33. Rcc2 Nc5
34. Kg2 Nd3 35. Re2 Rb3 36. h4 Kf7 37. h5 h6 38. g6+ Ke7 39. Kf1 Nc5 40. Nc3
Nd3 41. Nd1 Kd6 42. Red2 e5 43. fxe5+ Kxe5 44. Ke2 f4 45. Rc3 R3b6 46. Rcc2 Rf8
47. exf4+ Rxf4 48. Ne3 Re4 49. Rxd3 cxd3+ 50. Kxd3 Rb3+ 51. Rc3 Rxe3+ 0-1

[Event "16th South Wales Int 2019"]
[Site "Bridgend"]
[Date "2019.07.10"]
[Round "6.18"]
[White "Bevan, Peter M"]
[Black "Nechio, Douglas Egidio Gome"]
[Result "1/2-1/2"]
[WhiteElo "1942"]
[BlackElo "1819"]
[PlyCount "117"]
[EventDate "2019.07.07"]
[EventType "swiss"]
[EventRounds "9"]
[EventCountry "WLS"]

1. c4 c5 2. g3 Nc6 3. Nc3 g6 4. b3 Bg7 5. Bb2 d6 6. Bg2 e5 7. e3 Nf6 8. Nge2
Be6 9. d4 cxd4 10. exd4 exd4 11. Nxd4 Nxd4 12. Qxd4 O-O 13. Nd5 Nh5 14. Qd2
Bxd5 15. Bxd5 Nf6 16. O-O-O Qc7 17. Kb1 Nxd5 18. Bxg7 Kxg7 19. Qxd5 Rfd8 20.
Rhe1 Qc5 21. Re7 Qxf2 22. Qxb7 Qf5+ 23. Qe4 Qxe4+ 24. Rxe4 Rd7 25. Red4 Rad8
26. Rd5 Kf8 27. Kb2 Re8 28. c5 Re2+ 29. Ka3 Rxh2 30. c6 Rc7 31. Rxd6 Rc2 32. b4
R2xc6 33. Rxc6 Rxc6 34. b5 Rb6 35. Kb4 a6 36. a4 axb5 37. axb5 Ke7 38. Kc5 Rb8
39. Kc6 Rc8+ 40. Kb7 Rc3 41. g4 Rc4 42. Rh1 Rxg4 43. Rxh7 Ke6 44. b6 f5 45. Kc6
Rb4 46. b7 f4 47. Rg7 Kf6 48. Rg8 g5 49. Kc7 Kf5 50. Kc6 f3 51. b8=Q Rxb8 52.
Rxb8 g4 53. Kd5 g3 54. Rf8+ Kg4 55. Ke4 f2 56. Ke3 Kh3 57. Ke2 Kg2 58. Rf3 Kh2
59. Rxf2+ 1/2-1/2

[Event "16th South Wales Int 2019"]
[Site "Bridgend"]
[Date "2019.07.10"]
[Round "6.19"]
[White "James, Dai"]
[Black "Pleasants, Allan J"]
[Result "1-0"]
[WhiteElo "1848"]
[BlackElo "2049"]
[PlyCount "81"]
[EventDate "2019.07.07"]
[EventType "swiss"]
[EventRounds "9"]
[EventCountry "WLS"]

1. e4 g6 2. g3 Bg7 3. Bg2 d6 4. d3 c5 5. f4 Nc6 6. Ne2 Bd7 7. O-O e6 8. Nbc3
Nge7 9. h3 Nd4 10. Be3 Qc7 11. a4 Rb8 12. Qd2 a6 13. g4 f5 14. Ng3 O-O 15. Rae1
b5 16. axb5 axb5 17. Nce2 Bc6 18. c3 Nxe2+ 19. Qxe2 Rf7 20. d4 c4 21. Qd2 Qb7
22. Bf2 b4 23. Kh2 Rbf8 24. gxf5 gxf5 25. Rg1 Ng6 26. exf5 exf5 27. Bxc6 Qxc6
28. d5 bxc3 29. bxc3 Qa8 30. Ra1 Qc8 31. Rge1 Nh4 32. Re3 Rb7 33. Nh5 Qb8 34.
Ra2 Re8 35. Rg3 Ng6 36. Nxg7 Rxg7 37. Bd4 Rge7 38. Qg2 Qb1 39. Rxg6+ hxg6 40.
Qxg6+ Kf8 41. Rg2 1-0

[Event "16th South Wales Int 2019"]
[Site "Bridgend"]
[Date "2019.07.10"]
[Round "6.20"]
[White "Thomas, Roy"]
[Black "Davis, Lee"]
[Result "0-1"]
[WhiteElo "1708"]
[BlackElo "1937"]
[PlyCount "98"]
[EventDate "2019.07.07"]
[EventType "swiss"]
[EventRounds "9"]
[EventCountry "WLS"]

1. e4 g6 2. d4 d6 3. Nc3 Bg7 4. Be3 Nf6 5. h3 c6 6. Qd2 b5 7. a3 O-O 8. Nf3 Bb7
9. Bd3 Nbd7 10. O-O Nb6 11. b3 a6 12. Bh6 c5 13. d5 Rc8 14. Bxg7 Kxg7 15. Rac1
c4 16. Be2 Qc7 17. b4 Nbd7 18. Rfe1 Kg8 19. Rcd1 Kg7 20. Nh2 Qb6 21. Ng4 Nxg4
22. Bxg4 Rcd8 23. Re3 Nf6 24. Bf3 e6 25. dxe6 fxe6 26. e5 dxe5 27. Qe2 Bxf3 28.
Rxf3 Rxd1+ 29. Nxd1 Qd4 30. Re3 Rd8 31. Nc3 Nd5 32. Nxd5 Rxd5 33. Kh2 Kf6 34.
Re4 Qd1 35. Rxe5 Qxe2 36. Rxe2 Rd1 37. Re3 Ra1 38. Kg3 Ra2 39. Rf3+ Ke5 40.
Re3+ Kd5 41. Kf4 Rxc2 42. Rf3 h6 43. Kg3 Ke5 44. Re3+ Kf6 45. Rf3+ Ke7 46. Kf4
Rb2 47. Ke5 Re2+ 48. Kd4 Rd2+ 49. Kc5 Rd3 0-1

[Event "16th South Wales Int 2019"]
[Site "Bridgend"]
[Date "2019.07.10"]
[Round "6.21"]
[White "Spanton, Tim R"]
[Black "Davies, Sam"]
[Result "1/2-1/2"]
[WhiteElo "1900"]
[BlackElo "1705"]
[PlyCount "120"]
[EventDate "2019.07.07"]
[EventType "swiss"]
[EventRounds "9"]
[EventCountry "WLS"]

1. e4 e6 2. d3 c5 3. Nf3 Nc6 4. c3 Nf6 5. Nbd2 Be7 6. g3 O-O 7. Bg2 d5 8. O-O
b6 9. e5 Nd7 10. Re1 Qc7 11. Qe2 Ba6 12. Nf1 b5 13. Bf4 b4 14. c4 Nb6 15. b3
Rad8 16. Rad1 Bb7 17. h4 a5 18. Ng5 Nd4 19. Qh5 Bxg5 20. Bxg5 Ra8 21. cxd5 Bxd5
22. Bxd5 Nxd5 23. Nh2 Nc3 24. Rd2 a4 25. Qg4 Kh8 26. Nf3 Ncb5 27. bxa4 Nxf3+
28. Qxf3 Nd4 29. Qf4 Rxa4 30. Bf6 Nf5 31. g4 gxf6 32. gxf5 Rg8+ 33. Kh2 fxe5
34. Qxe5+ Qxe5+ 35. Rxe5 b3 36. Re4 Rxa2 37. Rxa2 bxa2 38. Ra4 exf5 39. Rxa2
Rg4 40. Kh3 Rd4 41. Ra3 h5 42. Rc3 Kg7 43. f3 Rd5 44. Kg3 Kf6 45. f4 Ke6 46.
Kf3 Rd8 47. Rxc5 Rxd3+ 48. Kg2 Rd8 49. Kf3 Rg8 50. Rc6+ Ke7 51. Rc5 Kf6 52.
Rc6+ Kg7 53. Rc5 Kg6 54. Rc6+ f6 55. Rc7 Ra8 56. Rb7 Ra1 57. Kg2 Re1 58. Ra7
Re2+ 59. Kg3 Re1 60. Kg2 Re6 1/2-1/2

[Event "16th South Wales Int 2019"]
[Site "Bridgend"]
[Date "2019.07.10"]
[Round "6.22"]
[White "Whitehead, Mark A"]
[Black "Williams, Ron"]
[Result "1-0"]
[WhiteElo "1887"]
[BlackElo "1644"]
[PlyCount "61"]
[EventDate "2019.07.07"]
[EventType "swiss"]
[EventRounds "9"]
[EventCountry "WLS"]

1. e4 d6 2. d4 Nf6 3. Nc3 Nbd7 4. Nf3 e5 5. Bc4 Be7 6. O-O c6 7. a4 Qc7 8. Re1
h6 9. Ba2 a5 10. h3 Nf8 11. Be3 N8d7 12. Qd2 Nf8 13. Rad1 Ng6 14. Bb3 Nh5 15.
Ne2 Nh4 16. Nh2 g5 17. g3 Ng6 18. Ng4 Bxg4 19. hxg4 Nf6 20. f3 h5 21. gxh5 Nxh5
22. Bxg5 f6 23. Be3 Bf8 24. Be6 Nxg3 25. Nxg3 Qh7 26. Bg4 Be7 27. Nh5 Kf7 28.
Re2 Qg8 29. Rh2 f5 30. exf5 Nh4 31. Kh1 1-0

[Event "16th South Wales Int 2019"]
[Site "Bridgend"]
[Date "2019.07.10"]
[Round "6.23"]
[White "Ong, Weng Yan"]
[Black "Camp, Imogen A L"]
[Result "0-1"]
[WhiteElo "1624"]
[BlackElo "1850"]
[PlyCount "62"]
[EventDate "2019.07.07"]
[EventType "swiss"]
[EventRounds "9"]
[EventCountry "WLS"]

1. e4 e5 2. Nf3 Nc6 3. c3 Nf6 4. d4 exd4 5. e5 Nd5 6. cxd4 Bb4+ 7. Bd2 Bxd2+ 8.
Qxd2 d6 9. Bb5 O-O 10. O-O a6 11. Bxc6 bxc6 12. Nc3 Nb6 13. b3 Bg4 14. Qf4 Qd7
15. h3 Bh5 16. Rac1 Rfe8 17. Rfe1 Re6 18. g4 Bg6 19. Nh4 h5 20. Nxg6 Rxg6 21.
f3 hxg4 22. hxg4 f5 23. Rc2 fxg4 24. Rg2 Rf8 25. Qe4 gxf3 26. Rxg6 f2+ 27. Kf1
Qh3+ 28. Qg2 fxe1=Q+ 29. Kxe1 Qxc3+ 30. Ke2 Qc2+ 31. Ke3 Nd5+ 0-1

[Event "16th South Wales Int 2019"]
[Site "Bridgend"]
[Date "2019.07.10"]
[Round "6.24"]
[White "Orton, Paul"]
[Black "Sivarajasingam, Venetia"]
[Result "1/2-1/2"]
[WhiteElo "1584"]
[BlackElo "1745"]
[PlyCount "83"]
[EventDate "2019.07.07"]
[EventType "swiss"]
[EventRounds "9"]
[EventCountry "WLS"]

1. e4 e6 2. d4 d5 3. Nc3 dxe4 4. Nxe4 Nd7 5. Bd3 Ngf6 6. Qe2 Be7 7. Nf3 O-O 8.
Bg5 c5 9. Nxf6+ Nxf6 10. Rd1 Qa5+ 11. c3 cxd4 12. Bd2 b6 13. Bb1 Bb7 14. cxd4
Qd5 15. O-O Bd6 16. Ne1 Bc7 17. Bc3 Nh5 18. f3 Nf6 19. Nc2 Qh5 20. g3 a5 21.
Ne1 Rfe8 22. Ng2 Nd5 23. Bd2 Nb4 24. Qf2 Ba6 25. Rfe1 Bd6 26. Nf4 Qb5 27. a3
Nd5 28. Nxd5 exd5 29. Be3 Qd7 30. Bd3 Bxd3 31. Rxd3 Rac8 32. Rdd1 Rc4 33. Rc1
Rec8 34. Rxc4 Rxc4 35. Rc1 Qc7 36. Qd2 Be7 37. Bf4 Qc8 38. b3 Rxc1+ 39. Qxc1
Qxc1+ 40. Bxc1 Bf6 41. Be3 Kf8 42. a4 1/2-1/2

[Event "16th South Wales Int 2019"]
[Site "Bridgend"]
[Date "2019.07.10"]
[Round "6.25"]
[White "Blackmore, Simon"]
[Black "Miga, Tomasz"]
[Result "0-1"]
[WhiteElo "1682"]
[BlackElo "1593"]
[PlyCount "62"]
[EventDate "2019.07.07"]
[EventType "swiss"]
[EventRounds "9"]
[EventCountry "WLS"]

1. d4 Nf6 2. Nf3 e6 3. c3 d5 4. Bg5 Be7 5. Bxf6 Bxf6 6. Nbd2 Nd7 7. e3 O-O 8.
Bd3 c5 9. h4 e5 10. dxe5 Nxe5 11. Nxe5 Bxe5 12. Qh5 Re8 13. Qxh7+ Kf8 14. Qh8+
Ke7 15. Qh5 Bf6 16. Qf3 Rh8 17. g3 Be6 18. Rd1 Qd7 19. e4 Bg4 20. Qe3 d4 21.
cxd4 cxd4 22. Qf4 g5 23. hxg5 Rxh1+ 24. Nf1 Bh8 25. Qd2 Qd6 26. Rc1 Rc8 27.
Rxc8 Bxc8 28. f4 Bh3 29. Qa5 Bxf1 30. Bxf1 d3 31. e5 d2+ 0-1

[Event "16th South Wales Int 2019"]
[Site "Bridgend"]
[Date "2019.07.10"]
[Round "6.26"]
[White "Hirst, Joe"]
[Black "Robertson, Jim"]
[Result "1-0"]
[WhiteElo "1632"]
[BlackElo "1580"]
[PlyCount "105"]
[EventDate "2019.07.07"]
[EventType "swiss"]
[EventRounds "9"]
[EventCountry "WLS"]

1. e4 c6 2. d4 d5 3. e5 c5 4. Nf3 Bg4 5. Be2 e6 6. c3 cxd4 7. cxd4 Bxf3 8. Bxf3
Nc6 9. Be3 Nge7 10. g4 Ng6 11. Nc3 Be7 12. a3 a6 13. Bg2 Bg5 14. Qd2 h6 15. f4
Bh4+ 16. Ke2 Nge7 17. Rhf1 f5 18. Bh3 g5 19. fxg5 Bxg5 20. gxf5 exf5 21. Bxf5
Bxe3 22. Qxe3 Qb6 23. Kd3 Qxb2 24. Qf4 Qg2 25. Ra2 Qg5 26. Qxg5 hxg5 27. Be6
Rh4 28. Ne2 Nd8 29. Bf5 Rxh2 30. Bg4 Rg2 31. Bf3 Rh2 32. Rg1 Ne6 33. Raa1 Rh3
34. Raf1 O-O-O 35. Kd2 Rh4 36. Bg4 Kd7 37. Rf6 Rxg4 38. Rxg4 Rh8 39. Nc3 Rh2+
40. Kc1 Rh1+ 41. Kc2 Rh2+ 42. Kd3 Rh3+ 43. Kd2 Rh2+ 44. Ke3 Rc2 45. Na4 Nc8 46.
Rf7+ Kc6 47. Rg1 Rc4 48. Nb2 Rxd4 49. Rc1+ Kb6 50. Rxc8 Re4+ 51. Kd2 Rxe5 52.
Rf6 Ka7 53. Re8 1-0

[Event "16th South Wales Int 2019"]
[Site "Bridgend"]
[Date "2019.07.10"]
[Round "6.27"]
[White "Hurn, Robert Aj"]
[Black "Chung, Ethan Cheung Jing"]
[Result "1-0"]
[WhiteElo "1615"]
[BlackElo "1572"]
[PlyCount "89"]
[EventDate "2019.07.07"]
[EventType "swiss"]
[EventRounds "9"]
[EventCountry "WLS"]

1. d4 Nf6 2. c4 g6 3. f3 Bg7 4. e4 d6 5. Nc3 O-O 6. Be3 e5 7. Nge2 Be6 8. d5
Bd7 9. Qd2 Qe7 10. g4 c6 11. Ng3 cxd5 12. cxd5 Rc8 13. h4 Na6 14. h5 Nc5 15.
hxg6 fxg6 16. Qh2 Bf8 17. Bg5 Bg7 18. Be2 Kf7 19. O-O-O Na4 20. Bd2 b5 21. Kb1
Nxc3+ 22. Bxc3 a5 23. Bd2 b4 24. g5 Ng8 25. Qxh7 b3 26. a3 Qd8 27. f4 Rc2 28.
fxe5 Qc7 29. Rhf1+ Bf5 30. Bd3 Kf8 31. Qxg6 Ne7 32. Rxf5+ Nxf5 33. Qxf5+ Kg8
34. Qe6+ Qf7 35. Qxf7+ Kxf7 36. Bxc2 bxc2+ 37. Kxc2 Bxe5 38. Nf5 a4 39. Bc3 Rc8
40. Rd3 Rc4 41. Nd4 Kg6 42. Nf3 Bg7 43. Kd2 Rxe4 44. Bxg7 Kxg7 45. Rd4 1-0

[Event "16th South Wales Int 2019"]
[Site "Bridgend"]
[Date "2019.07.10"]
[Round "6.28"]
[White "Chung, Daniel"]
[Black "Williams, David J"]
[Result "1/2-1/2"]
[WhiteElo "1434"]
[BlackElo "1519"]
[PlyCount "52"]
[EventDate "2019.07.07"]
[EventType "swiss"]
[EventRounds "9"]
[EventCountry "WLS"]

1. d4 Nf6 2. c4 c5 3. d5 e6 4. Nc3 exd5 5. cxd5 d6 6. Bg5 Be7 7. Bxf6 Bxf6 8.
e4 O-O 9. Bd3 Na6 10. a3 Nc7 11. Nf3 Bg4 12. O-O a6 13. a4 b6 14. h3 Bh5 15.
Be2 Bxf3 16. Bxf3 Be5 17. Qe2 Qf6 18. Rac1 Qh6 19. Rc2 Ne8 20. Nd1 Nf6 21. Ne3
Qf4 22. g3 Qg5 23. Nf5 Kh8 24. h4 Qg6 25. Ne7 Qh6 26. Nf5 Qg6 1/2-1/2

[Event "16th South Wales Int 2019"]
[Site "Bridgend"]
[Date "2019.07.10"]
[Round "6.29"]
[White "O`rourke, Kevin"]
[Black "Emblem, Mark"]
[Result "1-0"]
[WhiteElo "1266"]
[BlackElo "1513"]
[PlyCount "49"]
[EventDate "2019.07.07"]
[EventType "swiss"]
[EventRounds "9"]
[EventCountry "WLS"]

1. e4 e6 2. d4 d5 3. e5 c5 4. Nf3 cxd4 5. Qxd4 Nc6 6. Bb5 a6 7. Bxc6+ bxc6 8.
Bg5 Be7 9. Bxe7 Nxe7 10. Nc3 O-O 11. Qd3 Ng6 12. g3 Qc7 13. Qe2 Bd7 14. h4 c5
15. h5 Ne7 16. g4 Bc6 17. Rh3 Qb7 18. O-O-O Rab8 19. b3 d4 20. Qd3 dxc3 21. Ng5
g6 22. hxg6 fxg6 23. Nxh7 Qb4 24. Nf6+ Kf7 25. Rh7# 1-0

[Event "16th South Wales Int 2019"]
[Site "Bridgend"]
[Date "2019.07.10"]
[Round "6.30"]
[White "Jaberansari, Daniel"]
[Black "Chung, Joel"]
[Result "1/2-1/2"]
[WhiteElo "1383"]
[BlackElo "1475"]
[PlyCount "58"]
[EventDate "2019.07.07"]
[EventType "swiss"]
[EventRounds "9"]
[EventCountry "WLS"]

1. e4 e6 2. Nf3 Ne7 3. d4 d5 4. exd5 Nxd5 5. c4 Bb4+ 6. Bd2 Bxd2+ 7. Qxd2 Nf6
8. Nc3 Nbd7 9. Be2 b6 10. O-O O-O 11. Rfe1 Bb7 12. Rad1 Ne4 13. Nxe4 Bxe4 14.
Qf4 Nf6 15. Bd3 Bxd3 16. Rxd3 Re8 17. Red1 Qd6 18. Qxd6 cxd6 19. Re1 Rac8 20.
b3 d5 21. cxd5 Nxd5 22. Ne5 Rc3 23. Red1 f6 24. Nc4 Rd8 25. Ne3 Rxd3 26. Rxd3
Nb4 27. Rd2 e5 28. a3 Nc6 29. d5 Ne7 1/2-1/2

[Event "16th South Wales Int 2019"]
[Site "Bridgend"]
[Date "2019.07.11"]
[Round "7.2"]
[White "Korneev, Oleg"]
[Black "Petrov, Marian"]
[Result "1-0"]
[WhiteElo "2523"]
[BlackElo "2463"]
[PlyCount "65"]
[EventDate "2019.07.07"]
[EventType "swiss"]
[EventRounds "9"]
[EventCountry "WLS"]

1. e4 c5 2. Nf3 Nc6 3. d4 cxd4 4. Nxd4 e5 5. Nb5 d6 6. N1c3 a6 7. Na3 b5 8. Nd5
Nge7 9. c4 Nxd5 10. cxd5 Nd4 11. Bd3 Be7 12. Be3 O-O 13. O-O Bd7 14. Qd2 Rc8
15. Bxd4 exd4 16. Nc2 Qb6 17. Ne1 a5 18. f4 a4 19. a3 Rfe8 20. Nc2 Bf6 21. Nb4
g6 22. Qf2 Re7 23. Rac1 Rc5 24. Rce1 Rc8 25. e5 Bg7 26. f5 Bxe5 27. f6 Ree8 28.
Qh4 Qd8 29. Rf3 Rc7 30. Ref1 Kh8 31. g4 Qc8 32. Rh3 h5 33. Qg5 1-0

[Event "16th South Wales Int 2019"]
[Site "Bridgend"]
[Date "2019.07.11"]
[Round "7.3"]
[White "Davies, Nigel R"]
[Black "Siddharth, Jagadeesh"]
[Result "1-0"]
[WhiteElo "2484"]
[BlackElo "2410"]
[PlyCount "69"]
[EventDate "2019.07.07"]
[EventType "swiss"]
[EventRounds "9"]
[EventCountry "WLS"]

1. g3 d5 2. Nf3 e6 3. Bg2 Nf6 4. O-O Be7 5. d3 c5 6. Nbd2 Nc6 7. e4 b6 8. Re1
Bb7 9. c3 Qc7 10. Qe2 h6 11. a3 b5 12. h3 O-O 13. e5 Nd7 14. Nf1 b4 15. N1h2
bxc3 16. bxc3 d4 17. c4 Rfb8 18. Ng4 Bf8 19. Bf4 Qd8 20. Rab1 Na5 21. h4 h5 22.
Ngh2 Bc6 23. Ng5 g6 24. g4 hxg4 25. Qxg4 Rxb1 26. Rxb1 Bxg2 27. Kxg2 Bg7 28.
Nhf3 Nf8 29. Ne4 Nd7 30. h5 gxh5 31. Qxh5 f6 32. Rh1 Nxe5 33. Bxe5 fxe5 34.
Nfg5 Qe7 35. Rh3 1-0

[Event "16th South Wales Int 2019"]
[Site "Bridgend"]
[Date "2019.07.11"]
[Round "7.4"]
[White "Arkell, Keith C"]
[Black "Camacho Collados, Jose"]
[Result "0-1"]
[WhiteElo "2461"]
[BlackElo "2408"]
[PlyCount "142"]
[EventDate "2019.07.07"]
[EventType "swiss"]
[EventRounds "9"]
[EventCountry "WLS"]

1. d4 Nf6 2. Nf3 c5 3. d5 e6 4. c4 exd5 5. cxd5 d6 6. Nc3 g6 7. g3 Bg7 8. Bg2
O-O 9. O-O a6 10. a4 Re8 11. Ra3 Nbd7 12. Bf4 Qc7 13. Re1 Ne4 14. Nd2 Nxc3 15.
bxc3 c4 16. Qb1 Ne5 17. Bxe5 Rxe5 18. Qb4 Bg4 19. e3 Rc8 20. Rb1 Re7 21. Bf1
Bf5 22. Rc1 Qc5 23. Qxc5 Rxc5 24. Nxc4 Rxd5 25. Rb3 Rc7 26. Rb6 Be6 27. Rxd6
Rxc4 28. Rxe6 Rxa4 29. Re8+ Bf8 30. Rb8 Rd7 31. Bg2 b5 32. Bc6 Rd6 33. Be8 Rc4
34. Rb7 Rf6 35. f4 Re4 36. Bd7 Rxe3 37. c4 Bc5 38. Kg2 Re2+ 39. Kh3 b4 40. Rc7
Be3 41. Rb1 a5 42. c5 Rc2 43. c6 Bb6 44. Rb7 Rcxc6 45. Bxc6 Rxc6 46. g4 Bc7 47.
g5 Bxf4 48. Kg4 Rc4 49. h4 Bxg5+ 50. Kf3 Bxh4 51. Rd1 Rc5 52. Kg4 Bg5 53. Rf1
h5+ 54. Kh3 Rc3+ 55. Kg2 Rc2+ 56. Kh3 f5 57. Rd1 Rd2 58. Re1 Kf8 59. Kg3 h4+
60. Kf3 Rd3+ 61. Kf2 h3 62. Ra1 h2 63. Kg2 Bf4 64. Rf1 Rd2+ 65. Kh1 Rd4 66. Kg2
a4 67. Re1 a3 68. Ra7 g5 69. Rb1 Rd2+ 70. Kf3 Bd6 71. Rc1 Rc2 0-1

[Event "16th South Wales Int 2019"]
[Site "Bridgend"]
[Date "2019.07.11"]
[Round "7.5"]
[White "Roberson, Peter T"]
[Black "Marusenko, Petr"]
[Result "1-0"]
[WhiteElo "2429"]
[BlackElo "2154"]
[PlyCount "45"]
[EventDate "2019.07.07"]
[EventType "swiss"]
[EventRounds "9"]
[EventCountry "WLS"]

1. e4 c6 2. d4 d5 3. e5 c5 4. dxc5 Nc6 5. f4 e6 6. Be3 d4 7. Bf2 Bxc5 8. Nd2
Nge7 9. a3 O-O 10. Ne4 Bb6 11. Bd3 Nd5 12. Qh5 h6 13. Nh3 Nce7 14. Bh4 Qe8 15.
Nf6+ gxf6 16. Qxh6 Nf5 17. Bxf5 exf5 18. O-O-O fxe5 19. Ng5 Nf6 20. Rd3 exf4
21. Rh3 d3 22. Bf2 d2+ 23. Kb1 1-0

[Event "16th South Wales Int 2019"]
[Site "Bridgend"]
[Date "2019.07.11"]
[Round "7.6"]
[White "Murphy, Conor E"]
[Black "Toczek, Grzegorz"]
[Result "0-1"]
[WhiteElo "2362"]
[BlackElo "2249"]
[PlyCount "82"]
[EventDate "2019.07.07"]
[EventType "swiss"]
[EventRounds "9"]
[EventCountry "WLS"]

1. d4 c5 2. d5 e6 3. c4 exd5 4. cxd5 d6 5. Nc3 g6 6. e4 Bg7 7. Nge2 a6 8. a4
Qe7 9. Ng3 h5 10. Bd3 Nd7 11. O-O Nh6 12. Ra3 Rb8 13. a5 O-O 14. Be2 h4 15. Nh1
h3 16. g3 f5 17. exf5 Nxf5 18. Re1 Nd4 19. f3 Rxf3 20. Bxf3 Nxf3+ 21. Kf1 Nxh2+
22. Kf2 Ne5 23. Ra4 Neg4+ 24. Kg1 Nf3+ 25. Kf1 Qxe1+ 26. Qxe1 Nxe1 27. Kxe1 Bf5
28. Bf4 Re8+ 29. Kd2 Bxc3+ 30. bxc3 Be4 31. Bxd6 h2 32. Ra1 Bxh1 33. Rxh1 Nf2
34. Rxh2 Ne4+ 35. Ke3 Nxd6+ 36. Kf4 Re4+ 37. Kg5 Kg7 38. g4 Nf7+ 39. Kh4 g5+
40. Kh5 Re8 41. Rh1 b6 0-1

[Event "16th South Wales Int 2019"]
[Site "Bridgend"]
[Date "2019.07.11"]
[Round "7.7"]
[White "Rudd, Jack"]
[Black "Ratnesan, Ranesh"]
[Result "1-0"]
[WhiteElo "2275"]
[BlackElo "2080"]
[PlyCount "83"]
[EventDate "2019.07.07"]
[EventType "swiss"]
[EventRounds "9"]
[EventCountry "WLS"]

1. d4 d5 2. c4 c6 3. Nf3 Nf6 4. Nc3 dxc4 5. e4 b5 6. e5 Nd5 7. a4 e6 8. axb5
Nxc3 9. bxc3 cxb5 10. Ng5 Bb7 11. Qh5 g6 12. Qg4 Be7 13. h4 h6 14. Ne4 Qd5 15.
f3 a5 16. Be2 Nd7 17. O-O b4 18. Bb2 O-O 19. Nd2 Nxe5 20. Qf4 Nd3 21. Bxd3 cxd3
22. c4 Qh5 23. g3 Rfc8 24. Rae1 Qf5 25. Qxh6 Bf8 26. Qe3 Ba6 27. c5 Bg7 28. Rf2
Rd8 29. Ne4 Qd5 30. Qf4 Qf5 31. Qe3 Qd5 32. Qf4 a4 33. h5 Qf5 34. Qh4 Rxd4 35.
h6 g5 36. Qh5 Bh8 37. Nxg5 Rad8 38. g4 Qf4 39. Rxe6 fxe6 40. Qg6+ Kf8 41. Nxe6+
Ke7 42. Nxf4 1-0

[Event "16th South Wales Int 2019"]
[Site "Bridgend"]
[Date "2019.07.11"]
[Round "7.8"]
[White "Bullen, Alex"]
[Black "Richardson, John R"]
[Result "1-0"]
[WhiteElo "2118"]
[BlackElo "2239"]
[PlyCount "91"]
[EventDate "2019.07.07"]
[EventType "swiss"]
[EventRounds "9"]
[EventCountry "WLS"]

1. e4 c6 2. d4 d5 3. exd5 cxd5 4. c3 Nc6 5. Bf4 Nf6 6. Nd2 g6 7. h3 Bg7 8. Ngf3
Bf5 9. Qb3 Na5 10. Qa4+ Bd7 11. Qc2 O-O 12. Bd3 b5 13. O-O Qb6 14. Rfe1 e6 15.
Nb3 Nxb3 16. Qxb3 Rfc8 17. Ne5 Be8 18. Rac1 Rab8 19. Ng4 Rb7 20. Nh6+ Kh8 21.
g4 a5 22. Be5 Bxh6 23. Bxf6+ Bg7 24. Bxg7+ Kxg7 25. Qd1 b4 26. Qe2 Qd6 27. Ba6
Rcb8 28. Bxb7 Rxb7 29. Qe5+ Qxe5 30. Rxe5 bxc3 31. bxc3 Rb2 32. c4 dxc4 33.
Rxa5 Bc6 34. Rc5 Bd5 35. Ra1 Kf6 36. a4 Rb3 37. a5 Rb7 38. a6 Ra7 39. Ra3 Kg5
40. Rca5 Kf4 41. Re3 h5 42. gxh5 gxh5 43. Kf1 f5 44. Ke2 Kg5 45. Kd2 f4 46.
Rxe6 1-0

[Event "16th South Wales Int 2019"]
[Site "Bridgend"]
[Date "2019.07.11"]
[Round "7.9"]
[White "Wilks, Simon"]
[Black "Byron, Alan M"]
[Result "0-1"]
[WhiteElo "2065"]
[BlackElo "2222"]
[PlyCount "134"]
[EventDate "2019.07.07"]
[EventType "swiss"]
[EventRounds "9"]
[EventCountry "WLS"]

1. e4 c5 2. Nf3 Nc6 3. Bb5 g6 4. Bxc6 dxc6 5. d3 Bg7 6. h3 Nf6 7. Nc3 Nd7 8.
Be3 e5 9. Qd2 h6 10. O-O b6 11. a4 a5 12. Nh2 Nf8 13. f4 exf4 14. Bxf4 Bd4+ 15.
Kh1 g5 16. Be3 Bg7 17. Rae1 Ng6 18. b3 Be6 19. Ne2 Qc7 20. Nf3 Rd8 21. Bg1 Ne5
22. Bh2 Nxf3 23. Rxf3 Be5 24. Bxe5 Qxe5 25. Qc3 Qxc3 26. Nxc3 Ke7 27. Rfe3 h5
28. Kh2 h4 29. Rf1 Rdg8 30. Ref3 g4 31. hxg4 Rxg4 32. Nd1 Rg5 33. Ne3 b5 34.
Nf5+ Kd7 35. Rf4 c4 36. bxc4 bxc4 37. Nd4 Rhg8 38. R1f2 cxd3 39. cxd3 Rg3 40.
R4f3 c5 41. Nb5 R8g4 42. Rd2 Ke7 43. Nc3 Kd6 44. Nb5+ Ke5 45. d4+ cxd4 46. Nxd4
Kxe4 47. Rff2 Rd3 48. Nc6 Rxd2 49. Rxd2 Ke3 50. Rd8 Rxa4 51. Ra8 Bd5 52. Re8+
Kf4 53. Ne7 Be4 54. Rh8 Kg5 55. Nc8 Ra2 56. Rg8+ Kf4 57. Kh3 f5 58. Ne7 Ke3 59.
Kxh4 Rxg2 60. Nxf5+ Kf4 61. Rxg2 Bxg2 62. Nd4 Bd5 63. Kh3 Ke4 64. Nb5 Kd3 65.
Kg3 Kc4 66. Na3+ Kb3 67. Nb5 Bc4 0-1